Malam merah
| Main Author: | |
|---|---|
| Format: | Book |
| Published: |
Kajang :
Kunjungan Kreatif Sdn.Bhd ,
1995
|
MARC
| LEADER | 00000cam a2200000 7i4500 | ||
|---|---|---|---|
| 001 | 0000008816 | ||
| 002 | 000009613 | ||
| 005 | 20000330.0 | ||
| 020 | |a 9839208012 | ||
| 090 | 0 | 0 | |a F |b ISW |
| 100 | 0 | |a Iswardy | |
| 245 | 1 | 0 | |a Malam merah |c Iswardy |
| 260 | |a Kajang : |b Kunjungan Kreatif Sdn.Bhd , |c 1995 | ||
| 300 | |a 239 p. ; |c 17 cm. | ||
| 999 | |a 042306 |b BUKU |c PINJAMAN |e PERPUSTAKAAN KOMUNITI PETALING JAYA | ||
| 999 | |a 042307 |b BUKU |c PINJAMAN |e PERPUSTAKAAN KOMUNITI PETALING JAYA | ||
| 999 | |a 042308 |b BUKU |c PINJAMAN |e PERPUSTAKAAN KOMUNITI PETALING JAYA | ||